000 01062 a2200193 4500
001 40206
005 20260407155657.0
008 260407a1959 arg spa d
003 AR-UNSa-BCEJYS
040 _aAR-UNSa-BCEJYS
_bspa
_cAR-UNSa-BCEJYS
080 _a930.85
_xHistoria de la civilización. Historia de la cultura
245 1 0 _aEstudio de la historia
264 1 _aBuenos Aires :
_bEmecé
_c1959
300 _a2v. (612- 428) p.
_c23 cm.
505 _a1. Introducción - 2. La génesis de las civilizaciones - 3. Los crecimientos de civilizaciones - 4. Los colapsos de las civilizaciones - 5. Las desintegraciones de las civilizaciones - 6. Estados universales - 7. Iglesias universales - 8. Edades heróicas - 9. Contactos entre civilizaciones en el espacio - 10. Contacto entre civilizaciones en el tiempo - 11. Ritmos en las historia de las civilizaciones - 12. Las perspetivas de las civilización occidental - 13. Las inspiracciones de los historiadores.
942 _cBK
590 _aniveau_biblio:m niveau_hierar:0
100 1 _aToynbee, Arnold J.
999 _c3186
_d3186